The Flash CW Season 2 - Statistics

General Stats
  • This quiz has been taken 44 times
  • The average score is 8 of 15
Answer Stats
Hint Answer % Correct
The Flashes Real Name Barry Allen
100%
Kid Flashes real Name Wallace "Wally" West
95%
Who is Joe West's Son Wally West
90%
What is Cisco's superhero name Vibe
82%
What happened to Henry Allen Zoom killed Henry
77%
Who got released from Prison Henry Allen
74%
What did Zoom want Flash's speed
69%
What is Zoom's Real Name Hunter Zolomon
69%
What is Harrison Wells other way of his name Harry Wells
51%
Who is Harrison Wells daughter Jesse Wells
49%
What happened to Caitlin Snow Caitlin got Kidnapped by Zoom
31%
What is Iris West's Job Iris worked as a journalist and is on Team Flash
13%
What happened to Ronnie Raymond Ronnie died in the Singularity or Black Hole
10%
Why did Killer Frost from Earth-2 help Team Flash escape For revenge of Ronnie Raymond in Earth 2
3%
What happened to Martin Stein He found someone else for the Firestorm Matrix
3%
No matching quizzes found
Score Distribution
Percent of People with Each Score
Percentile by Number Answered
Your Score History
You have not taken this quiz